RESEARCH METHODOLOGY FOR HEALTH PROFESSIONAL (Record no. 12073)

MARC details
000 -LEADER
fixed length control field 00275nam a22001217a 4500
003 - CONTROL NUMBER IDENTIFIER
control field SGT
082 ## - DEWEY DECIMAL CLASSIFICATION NUMBER
Classification number 610.72
Item number R13G
100 ## - MAIN ENTRY--PERSONAL NAME
Personal name GOYAL, R.C.
245 ## - TITLE STATEMENT
Title RESEARCH METHODOLOGY FOR HEALTH PROFESSIONAL
260 ## - PUBLICATION, DISTRIBUTION, ETC. (IMPRINT)
Place of publication, distribution, etc INDIA
Name of publisher, distributor, etc JAYPEE
Year of Publication 2013
300 ## - PAGE DESCRIPTION
No. of Pages 288
942 ## - ADDED ENTRY ELEMENTS (KOHA)
Source of classification or shelving scheme Dewey Decimal Classification
Koha item type Books
942 ## - ADDED ENTRY ELEMENTS (KOHA)
-- 6
Holdings
Withdrawn status Lost status Source of classification or shelving scheme Damaged status Not for loan Collection code Home library Current library Shelving location Date acquired Vendor Name Cost, normal purchase price SGTU Bill Number Total Checkouts Full call number Accession No. (Barcode) Date last seen Date last borrowed Bill Date Koha item type
    Dewey Decimal Classification     MEDICAL SGT Medical Library SGT Medical Library Text Book 29/06/2017 ABC 300.00 SGTU 8041 16 610.72 R13G FM8585 20/03/2025 20/03/2025 11/04/2017 Books